Portugalczycy w FC Barcelona - nagła śmierć - Statystyki

Ogólne statystyki
  • Ten quiz został rozwiązany 115 razy
  • Średni wynik to 6 z 10
Answers on the Grid
Answers color-coded by a green-red scale on the quiz's grid according to % correct below.
Vitor Baia
Joao Cancelo
Ricardo Carvalho
Fernando Couto
Rui Costa
Deco
Joao Felix
Luis Figo
Andre Gomes
Nani
Rui Patricio
Pauleta
Pepe
Ricardo Quaresma
Cristiano Ronaldo
Simao Sabrosa
Renato Sanches
Nelson Semedo
Bernardo Silva
Paulo Sousa
 
Statystyki odpowiedzi
Odpowiedź % Poprawnych
Luis Figo
90%
Deco
87%
Joao Cancelo
85%
Joao Felix
83%
Nelson Semedo
72%
Andre Gomes
68%
Ricardo Quaresma
50%
Vitor Baia
44%
Simao Sabrosa
33%
Fernando Couto
28%
Nie znaleziono quizów pasujących do podanych kryteriów
Rozkład punktacji
Procent ludzi z każdym wynikiem
Percentyl według liczby udzielonych odpowiedzi
Twoja historia wyników
Nie rozwiązałeś tego quizu